Czyj to utwór? #1 - Statystyki

Ogólne statystyki
  • Ten quiz został rozwiązany 182 razy
  • Średni wynik to 4 z 15
Statystyki odpowiedzi
Utwór Wykonawca/Zespół % Poprawnych
Paradise City Guns N' Roses
55%
(Everything I Do) I Do It For You Bryan Adams
43%
You Shook Me All Night Long AC/DC
42%
Never Ending Story Limahl
40%
I'm Going Slightly Mad Queen
39%
I Was Made For Lovin' You KISS
38%
Heal The World Michael Jackson
38%
Sultans Of Swing Dire Straits
32%
Strangelove Depeche Mode
22%
Sweet Emotion Aerosmith
18%
Good Times Bad Times Led Zeppelin
15%
Dreams The Cranberries
12%
Ka-Ching! Shania Twain
9%
We're Going to Be Friends The White Stripes
3%
I Wanna Be The Only One Eternal
2%
Nie znaleziono quizów pasujących do podanych kryteriów
Rozkład punktacji
Procent ludzi z każdym wynikiem
Percentyl według liczby udzielonych odpowiedzi
Twoja historia wyników
Nie rozwiązałeś tego quizu